| 000 | 00718nam a2200217 a 4500 | ||
|---|---|---|---|
| 005 | 20241121063755.0 | ||
| 008 | 040123s2002 mx r 000 0 spa d | ||
| 020 | _a9684764162 | ||
| 035 | _aUPN01000131490 | ||
| 049 | _aCG | ||
| 050 | 4 |
_aQ181 _bH5.2 |
|
| 100 | 1 | _aHierrezuelo Moreno, José | |
| 245 | 1 | 3 |
_aLa ciencia de los alumnos : _bsu utilización en la didáctica de la física y química / _cJosé Hierrezuelo Moreno, Antonio Montero Moreno. |
| 260 |
_aMéxico : _bFontamara, _c2002. |
||
| 300 | _a266 p. | ||
| 440 | 0 |
_aFontamara ; _v319 |
|
| 650 | 4 |
_aCiencia _xEstudio y enseñanza _96354 |
|
| 650 | 4 |
_aFísica _xEstudio y enseñanza _912270 |
|
| 700 | 1 |
_aMontero Moreno, Antonio, _ecoaut. |
|
| 905 | _aLibro | ||
| 999 |
_c103645 _d103645 |
||